000 01122cam a2200301 i 4500
005 20200104041505.0
008 941203s1989 ck a r 00110 spa d
015 _ack-1989-XXXX
020 _a9589138497
040 _ala
_cla
_dCO-BoIAVH
041 1 _aspa
043 _as-ck---
082 0 4 _a583.09861
_bP89m
100 1 _aPrahl, Henry Von,
_d1948-1989.
245 1 0 _aManglares de Colombia /
_cHenry von Prahl ; introducción Carlos Castaño Uribe ; fotografías Aldo Brando, Jose Fernando Machado.
260 _aBogotá :
_bVillegas Editores,
_c1989.
300 _a203 páginas :
_bilustraciones y fotográfias ;
_c38 cm.
504 _aIncluye referencias bibliográficas e índice.
650 1 4 _aManglares
_z Colombia.
650 2 4 _aEcología vegetal.
700 1 _aCastaño Uribe, Carlos.
700 1 _aBrando, Aldo,
_efotógrafo
700 1 _aMachado, Jose Fernando,
_d1957-,
_efotógrafo
700 1 _aVillegas, Benjamín,
_d1948-,
_eeditor.
700 1 _aUribe Hurtado, Cristina,
_d1956-,
_eeditor.
942 _2ddc
_cLIBRO
949 _an
_bc
999 _c66
_d66